Budovanie obchodnej siete v podnikateľskej praxi : Diplomová práca

Guardado en:
Detalles Bibliográficos
Autor principal: Zgurišová, Eva (Autor)
Otros Autores: Cagáňová, Dagmar (xxx)
Formato: Manuscrito Libro
Lenguaje:eslovaco
Publicado: Trnava : STU v Bratislave MtF KPIM, 2004
Materias:
Etiquetas: Agregar Etiqueta
Sin Etiquetas, Sea el primero en etiquetar este registro!

MARC

LEADER 00000ntm a22000003a 4500
001 stu89338
005 20160719154641.3
008 040728s2004----xo------------------slo-d
040 |a STU  |b slo 
041 0 |a slo 
044 |a xo 
100 1 |a Zgurišová, Eva  |4 aut 
245 1 |a Budovanie obchodnej siete v podnikateľskej praxi :  |b Diplomová práca 
260 |a Trnava :  |b STU v Bratislave MtF KPIM,  |c 2004 
300 |a 71 s  |c príl., disketa 
650 7 |a priemyselné inžinierstvo a manažment  |2 stusub 
700 1 |a Cagáňová, Dagmar  |4 xxx  |u M330  |U MTF Ústav inžinierskej pedagogiky a humatitných vied  |T MTF Katedra odbornej jazykovej prípravy  |U M330  |Y M330 
996 |b 284M060004  |c M*DP-5358  |l MMSKP  |s P  |a 0  |w stu89338_0001